|
|
|
|
| LEADER |
02202nam a2200577 a 4500 |
| 001 |
nkc20112255733 |
| 003 |
CZ PrNK |
| 005 |
20120118081907.0 |
| 007 |
ta |
| 008 |
111122s2011 xr abc e 000 0 cze |
| 015 |
|
|
|a cnb002255733
|
| 020 |
|
|
|a 978-80-7427-075-8
|q (brož.)
|
| 035 |
|
|
|a (OCoLC)773173097
|
| 040 |
|
|
|a BOA001
|b cze
|d ABA001
|
| 043 |
|
|
|a e-xr---
|b e-xr-pg
|2 czenas
|
| 045 |
|
|
|a x5y1
|
| 072 |
|
7 |
|a 633
|x Rostlinná výroba
|2 Konspekt
|9 24
|
| 080 |
|
|
|a 001.32
|2 MRF
|
| 080 |
|
|
|a 631:001.891
|2 MRF
|
| 080 |
|
|
|a 633
|2 MRF
|
| 080 |
|
|
|a (437.311)
|2 MRF
|
| 080 |
|
|
|a (082.2)
|2 MRF
|
| 110 |
2 |
|
|a Výzkumný ústav rostlinné výroby
|7 kn20010724965
|
| 245 |
1 |
0 |
|a 60 let Výzkumného ústavu rostlinné výroby Praha-Ruzyně :
|b 1951-2011 /
|c [editoři Jaroslava Ovesná, Jana Doležalová]
|
| 246 |
3 |
|
|a Šedesát let Výzkumného ústavu rostlinné výroby Praha-Ruzyně
|
| 246 |
3 |
|
|a 60 let VÚRV
|
| 260 |
|
|
|a Praha :
|b Výzkumný ústav rostlinné výroby,
|c c2011
|
| 300 |
|
|
|a 32 s. :
|b barev. il., 1 mapa, 1 portrét ;
|c 25 cm
|
| 500 |
|
|
|a 500 výt.
|
| 504 |
|
|
|a Obsahuje bibliografii
|
| 610 |
2 |
7 |
|a Výzkumný ústav rostlinné výroby
|7 kn20010724965
|2 czenas
|
| 648 |
|
4 |
|a 1951-2011
|
| 648 |
|
7 |
|a 20.-21. století
|7 ch462155
|2 czenas
|
| 650 |
0 |
7 |
|a výzkumné ústavy
|7 ph127482
|z Česko
|2 czenas
|
| 650 |
0 |
7 |
|a zemědělský výzkum
|7 ph127630
|z Česko
|y 20.-21. století
|2 czenas
|
| 650 |
0 |
7 |
|a rostlinná výroba
|7 ph116065
|z Česko
|2 czenas
|
| 650 |
0 |
9 |
|a research institutes
|z Czechia
|2 eczenas
|
| 650 |
0 |
9 |
|a agricultural research
|z Czechia
|y 20th-21st centuries
|2 eczenas
|
| 650 |
0 |
9 |
|a crop production
|z Czechia
|2 eczenas
|
| 651 |
|
7 |
|a Ruzyně (Praha, Česko)
|7 ge137124
|2 czenas
|
| 651 |
|
9 |
|a Ruzyně (Prague, Czechia)
|2 eczenas
|
| 655 |
|
7 |
|a jubilejní publikace
|7 fd131839
|2 czenas
|
| 655 |
|
9 |
|a jubilee books
|2 eczenas
|
| 700 |
1 |
|
|a Ovesná, Jaroslava,
|d 1959-
|7 mzk2006323886
|4 edt
|
| 700 |
1 |
|
|a Doležalová, Jana,
|d 1957-
|7 mzk2011673183
|4 edt
|
| 910 |
2 |
|
|a BOA001
|b 2-1275.888
|
| 928 |
9 |
|
|a VÚRV
|
| 990 |
|
|
|a BK
|
| 995 |
|
|
|a 01
|
| 991 |
|
|
|b 201112
|c NOV
|e n
|
| 996 |
6 |
|
|b 2610495585
|c 2-1275.888
|l MZK
|r Sklad / do 1 hodiny
|n 0
|p p.v.
|w 001217254
|u 000010
|a 1
|e BOA001
|j MZK50
|s P
|